000 00899nam a2200265 a 4500
001 BRCA_8534
005 20190320210326.0
008 110816c--------sw-#######---#000-0#lat-#
041 _alat
044 _asw
050 4 _aD51.90
_b.B53
_c1559
100 1 _aSicvli, Diodori
_921403
245 1 0 _aBibliothecae historicae libri quindecim de quadraginta
_cDiodori Sicvli.
260 _aGeneva
_bExcvdebat henricvs stephanvs
_c1559
300 _aT.III, 847 p.
_c34 cm.
500 _aFondo antiguo
500 _aSe encuentra en Caja Fuerte
500 _aLM-60
500 _aEstado físico: las tapas de la encuadernación se encuentran desprendidas, hoja rota en la página 845
506 0 _aFondo reservado: para su consulta es necesario credencial de usuario y carta de motivos
546 _aTexto en latín y griego
650 1 4 _aHistoria antigua
_921404
902 _aLAR
942 _2lcc
_cB
999 _c8199
_d8199